2808-北条鉄道の駅 - Statistics

General Stats
  • This quiz has been taken 69 times
  • The average score is 6 of 8
Answer Stats
本線 % Correct
北条町
100%
粟生
98%
83%
法華口
77%
播磨横田
75%
播磨下里
67%
網引
65%
田原
58%
No matching quizzes found
Score Distribution
Percent of People with Each Score
Percentile by Number Answered
Your Score History
You have not taken this quiz